=LDR 00000nam 2200000 4500 =001 INLIS000000000055627 =005 20200811081448 =035 ##$$a 0010-0620000067 =007 ta =008 200811################g##########0#ind## =020 ##$$a 979-3000-22-8 =082 ##$$a 2x4.71 =084 ##$$a 2x4.71 TAI b =100 1#$$a Taimiyah, Ibn =245 1#$$a Berhubungan dengan jin /$c Ibn Taimiyah;penerjemah, Eldin M; penyunting,Burhan Wirasubrata =250 ##$$a cet.1 =260 ##$$a Jakarta :$b Cendekia,$c 2002 =300 ##$$a 163 hlm., ; $c 13x20,3 cm =990 ##$$a 00088078